00121nam a22000617a 4500082000800000100001200008245003900020 aBUR aBurnham aelements of industial organization